| 000 | 00791nam a22002175i 4500 | ||
|---|---|---|---|
| 001 | 178232 | ||
| 003 | ES-MaACL | ||
| 005 | 20250827100728.0 | ||
| 008 | 110524s1968 sp |||| | spa d | ||
| 080 | _a7(460.285 T.) | ||
| 100 | 1 |
_aAlcázar, Mariano del. _9146666 |
|
| 245 | 1 | 3 |
_aLa imperial Toledo / _cpor Mariano del Alcázar. |
| 260 |
_aMadrid : _bDelblan, _cD. L. 1968. |
||
| 300 |
_a16 p. ; _c16 cm. |
||
| 490 | 1 |
_aMosaico cultural : colección de temas instructivos. 1. Maravillas del universo ; _v20 |
|
| 500 | _aEncuadernado con otros títulos. | ||
| 651 | 4 |
_aToledo- _xDescripción. _99441 |
|
| 830 | 0 | 0 |
_aMosaico cultural: colección de temas instructivos. _pMaravillas del universo _v20 _9190804 |
| 852 |
_aES-MaACL _jE-15188 (20) _xOlim P-1923 |
||
| 999 |
_c178232 _d178232 |
||